| 000 | 02451nam0a2200445 4500 | ||
|---|---|---|---|
| 001 | RU\NLR\BIBL_A\022020743 | ||
| 005 | 20260607073601.0 | ||
| 010 |
_a978-5-6050259-0-0 _9300 |
||
| 021 |
_aRU _bКН-П-23-050721 _9КН-П-23-5092 |
||
| 035 | _a(NLR Aleph) 022020743 | ||
| 035 | _a(RuMoRGB)012014562 | ||
| 090 |
_a12511405 _c12511405 |
||
| 100 | _a20230907d2023 k y0rusy50 ca | ||
| 101 | 1 |
_arus _cmon _ctib |
|
| 102 | _aRU | ||
| 105 | _aa|||z 000zy | ||
| 181 | 0 |
_ai3 _baxxe |
|
| 182 | 0 | _an | |
| 200 | 1 |
_aБуддийские и добуддийские тексты Монголии (XIII - XIX вв.) _eантология монгольской мысли _fсоставители: д-р филол. наук А. Д. Цендина, д-р филос. наук В. Г. Буров _gперевод с монгольского и тибетского, примечания, статьи: канд. филол. наук Ю. И. Елихина [и др.] |
|
| 203 |
_aТекст _bвизуальный _cнепосредственный |
||
| 210 |
_aМосква _cФонд содействия буддийскому образованию и исследованиям _d2023 |
||
| 215 |
_a479 с. _cил. _d22 |
||
| 225 | 1 | _aИздательская программа Фонда содействия буддийскому образованию и исследованиям | |
| 320 | _aБиблиогр.: с. 465-470 | ||
| 606 | 1 |
_aБуддизм _jИсточники и источниковедение _yМонголия _91194388 _3RU\NLR\AUTH\66164678 |
|
| 606 | 1 |
_aШаманизм _jИсточники и источниковедение _yМонголия _92239163 _3RU\NLR\AUTH\6601575254 |
|
| 606 | 1 |
_aМонгольская литература _xПамятники _91490204 _3RU\NLR\AUTH\66640391 |
|
| 606 | 1 |
_aМонгольский фольклор _9930627 _3RU\NLR\AUTH\66342580 |
|
| 686 | 1 | _aЭ240.73,1 | |
| 686 | 1 | _aШ3(54Мо)-33 | |
| 686 | 1 | _aШ5(5Мо)-33 | |
| 686 | 2 | _aЭ35-39(5Мо),1 | |
| 702 | 1 |
_4220 _aЦендина _bА. Д. _f1954- _gАнна Дамдиновна _9135592 _3RU\NLR\AUTH\770135627 |
|
| 702 | 1 |
_4730 _7ca _8rus _aЕлихина _bЮ. И. _f1964- _gЮлия Игоревна _3RU\NLR\AUTH\770163872 _9163828 |
|
| 942 | _cBOOK | ||
| 980 | _aNB | ||